00453nam a2200169Ia 4500008004100000020001800041040001900059041001200078082002600090100001200116245003100128260002900159300003600188650002500224651001400249850002000263131103s9999 xx 000 0 und d a0 460 05808 8 aLoreto College aEnglish a372.4/MAGbLCBED/1562 aMargett aMore child's playcMargett aLondonbJ. M. Dentc1970 aviii,64p.b ill., drew.c 24cm. aElementary education aEducation aLCBED/372.4/MAG